Reverse Alphabet: Z to A Mines Quiz Stats

 Plays Quiz Updated Nov 10, 2013

Support Sporcle.
Go Orange.
Score 0/26 Timer 00:30
6 Plays Today
% Correct
???
100%
???
96%
???
93%
???
88.1%
???
83.4%
???
81.3%
???
79.1%
???
76.6%
???
73.7%
???
68.2%
???
63%
???
58.9%
???
54.3%
% Correct
???
52.3%
???
47.6%
???
41.7%
???
37.6%
???
32.5%
???
29.4%
???
25.4%
???
22%
???
18.9%
???
16.5%
???
14.1%
???
12.3%
???
10.8%

From the Vault

Famous Brothers

by Derek

He ain't heavy, he's my...new Sporcle quiz!
Remove Ads.
Support Sporcle.
Get the best of Sporcle when you Go Orange. This ad-free experience offers more features, more stats, and more fun while also helping to support Sporcle. Thank you for becoming a member.

Show Comments

Extras

Top Quizzes Today


Score Distribution

Your Account Isn't Verified!

In order to create a playlist on Sporcle, you need to verify the email address you used during registration. Go to your Sporcle Settings to finish the process.

Report this User

Report this user for behavior that violates our Community Guidelines.

Details: